[Event "Linares NL m2"]
[Site "Linares"]
[Date "1993.??.??"]
[Round "1"]
[White "Martin Del Campo C, Roberto Abel"]
[Black "Sisniega, Marcel"]
[Result "0-1"]
[WhiteElo "2510"]
[BlackElo "2540"]
[PlyCount "70"]
[EventDate "1993.??.??"]
[EventType "match"]
[EventRounds "4"]
[EventCountry "MEX"]
[SourceTitle "EXT 2000"]
[Source "ChessBase"]
[SourceDate "1999.11.16"]
[SourceVersion "1"]
[SourceVersionDate "1999.11.16"]
[SourceQuality "1"]

1. e4 e5 2. Nf3 Nc6 3. Bb5 a6 4. Ba4 Nf6 5. 0-0 Be7 6. Bxc6 dxc6 7. Qe1 Nd7 8. d4 exd4 9. Nxd4 0-0 10. Nc3 Bf6 11. Be3 Ne5 12. Rd1 Qe8 13. Qe2 b6 14. h3 a5 15. f4 Ba6 16. Qf2 Ng6 17. Rfe1 c5 18. Nf3 Bxc3 19. bxc3 f6 20. f5 Ne5 21. Nxe5 fxe5 22. Qg3 Bc4 23. a3 Qc6 24. Bg5 Rae8 25. Rd2 Rf7 26. Red1 h6 27. Bh4 Qxe4 28. Rd8 Bb5 29. f6 Rxd8 30. Rxd8+ Kh7 31. Rf8 Rd7 32. f7 Qf5 33. Qg4 Qf1+ 34. Kh2 Bc6 35. Qg3 Rd2 0-1

[Event "Linares NL m3"]
[Site "Linares"]
[Date "1993.??.??"]
[Round "2"]
[White "Sisniega, Marcel"]
[Black "Garmendez Gonzalez, Florentino"]
[Result "1/2-1/2"]
[WhiteElo "2540"]
[BlackElo "2410"]
[PlyCount "97"]
[EventDate "1993.??.??"]
[EventType "swiss"]
[EventRounds "4"]
[EventCountry "MEX"]
[SourceTitle "EXT 2000"]
[Source "ChessBase"]
[SourceDate "1999.11.16"]
[SourceVersion "1"]
[SourceVersionDate "1999.11.16"]
[SourceQuality "1"]

1. e4 g6 2. d4 Bg7 3. Nf3 d6 4. Nc3 Nf6 5. Be2 0-0 6. 0-0 Bg4 7. Be3 c6 8. h3 Bxf3 9. Bxf3 e5 10. g3 Nbd7 11. Bg2 Qc7 12. Qd2 a6 13. Rad1 Rfe8 14. f4 Rad8 15. Qf2 exd4 16. Rxd4 c5 17. Rd2 b5 18. e5 dxe5 19. fxe5 Qxe5 20. Bf4 Qe6 21. Kh2 Nb6 22. Rxd8 Rxd8 23. Bc7 Rc8 24. Re1 Qxe1 25. Qxe1 Rxc7 26. Nd1 Rd7 27. Nf2 Nbd5 28. Qa5 Rd6 29. Qd2 Bf8 30. a3 Nb6 31. Qg5 Re6 32. b3 c4 33. b4 h6 34. Qd2 Rd6 35. Qe2 c3 36. Qf3 Nc4 37. Qxc3 Bg7 38. Qf3 Rd2 39. Ne4 Nxe4 40. Qxe4 Bd4 41. h4 h5 42. Kh3 Bg1 43. Qe1 Bf2 44. Qe4 Ne3 45. Qe8+ Kg7 46. Qe5+ Kg8 47. Qe8+ Kg7 48. Qe5+ Kg8 49. Qe8+ 1/2-1/2

[Event "Linares NL m2"]
[Site "Linares"]
[Date "1993.??.??"]
[Round "4"]
[White "Sisniega, Marcel"]
[Black "Martin Del Campo C, Roberto Abel"]
[Result "1-0"]
[WhiteElo "2540"]
[BlackElo "2510"]
[PlyCount "67"]
[EventDate "1993.??.??"]
[EventType "match"]
[EventRounds "4"]
[EventCountry "MEX"]
[SourceTitle "EXT 2000"]
[Source "ChessBase"]
[SourceDate "1999.11.16"]
[SourceVersion "1"]
[SourceVersionDate "1999.11.16"]
[SourceQuality "1"]

1. c4 g6 2. g3 Bg7 3. Bg2 Nf6 4. Nf3 0-0 5. d4 d6 6. Nc3 Nbd7 7. 0-0 e5 8. e4 exd4 9. Nxd4 Re8 10. h3 Nc5 11. Re1 Bd7 12. Rb1 Qc8 13. Kh2 a6 14. a3 Rb8 15. f4 h5 16. b4 Ne6 17. Nf3 Nf8 18. Bb2 b5 19. Nd5 Qd8 20. e5 dxe5 21. Bxe5 Rc8 22. Qd4 N8h7 23. Ng5 Nxd5 24. Bxg7 Ndf6 25. Bh6 Bf5 26. Bd5 Bxb1 27. Bxf7+ Kh8 28. Rxe8+ Qxe8 29. Bxe8 Rxe8 30. Nf7+ Kg8 31. Ne5 Bf5 32. cxb5 axb5 33. a4 c6 34. Qa7 1-0

[Event "Olympiad-30"]
[Site "Manila"]
[Date "1992.06.18"]
[Round "10.2"]
[White "Rubinetti, Jorge Alberto"]
[Black "Sisniega, Marcel"]
[Result "1-0"]
[WhiteElo "2450"]
[BlackElo "2525"]
[PlyCount "89"]
[EventDate "1992.06.08"]
[EventType "team-swiss"]
[EventRounds "14"]
[EventCountry "PHI"]
[SourceTitle "TD"]
[Source "ChessBase"]
[SourceDate "1994.03.01"]
[SourceVersion "1"]
[SourceVersionDate "1994.03.01"]
[SourceQuality "1"]
[WhiteTeam "Argentina"]
[BlackTeam "Mexico"]
[WhiteTeamCountry "ARG"]
[BlackTeamCountry "MEX"]

1. d4 Nf6 2. Nf3 e6 3. Bg5 h6 4. Bh4 b6 5. Nbd2 Bb7 6. e3 d6 7. h3 Nbd7 8. Be2 g5 9. Bg3 Bg7 10. c3 Qe7 11. a4 a6 12. 0-0 g4 13. hxg4 Nxg4 14. Ne1 h5 15. Bf3 0-0-0 16. Bxb7+ Kxb7 17. Qf3+ d5 18. a5 b5 19. Nd3 Qf6 20. Nb3 Bf8 21. Qxf6 Ngxf6 22. Bh4 Ra8 23. f3 Rg8 24. Kf2 Bd6 25. Rh1 Rg6 26. Bxf6 Nxf6 27. Nbc5+ Ka7 28. Ne5 Bxe5 29. dxe5 Ng8 30. Rxh5 Ne7 31. b4 Rag8 32. g4 Nc6 33. Rah1 Nd8 34. Rh8 Nb7 35. Nd7 c5 36. Nf6 Rb8 37. Rxb8 Kxb8 38. Rh8+ Kc7 39. Ra8 Rh6 40. Kg2 cxb4 41. cxb4 Nd8 42. Ra7+ Kb8 43. Rxa6 Kb7 44. Rb6+ Ka7 45. Nxd5 1-0

[Event "Olympiad-30"]
[Site "Manila"]
[Date "1992.06.14"]
[Round "6.1"]
[White "Wittmann, Walter"]
[Black "Sisniega, Marcel"]
[Result "1-0"]
[WhiteElo "2380"]
[BlackElo "2525"]
[PlyCount "125"]
[EventDate "1992.06.08"]
[EventType "team-swiss"]
[EventRounds "14"]
[EventCountry "PHI"]
[SourceTitle "TD"]
[Source "ChessBase"]
[SourceDate "1994.03.01"]
[SourceVersion "1"]
[SourceVersionDate "1994.03.01"]
[SourceQuality "1"]
[WhiteTeam "Austria"]
[BlackTeam "Mexico"]
[WhiteTeamCountry "AUT"]
[BlackTeamCountry "MEX"]

1. e4 c5 2. Nf3 d6 3. d4 cxd4 4. Nxd4 Nf6 5. Nc3 a6 6. Bc4 e6 7. Bb3 b5 8. 0-0 Be7 9. Qf3 Qb6 10. Be3 Qb7 11. Qg3 0-0 12. Bh6 Ne8 13. f3 Bd7 14. Kh1 Nc6 15. Nxc6 Bxc6 16. a4 b4 17. Nd1 Kh8 18. Bf4 e5 19. Bd2 Nf6 20. Ne3 g6 21. Nc4 a5 22. Bh6 Rfe8 23. Rfd1 Qc7 24. Be3 Ra6 25. Qf2 d5 26. exd5 Bxd5 27. Nb6 Bxb3 28. cxb3 Qc6 29. Nc4 Qe6 30. Re1 Nd7 31. Rad1 f6 32. Rd2 Rc8 33. f4 Kg8 34. Red1 exf4 35. Bxf4 Nc5 36. Re2 Ne4 37. Qf3 f5 38. g4 Qc6 39. Ne5 Qe8 40. gxf5 gxf5 41. Rg2+ Rg6 42. Nxg6 hxg6 43. Rdg1 Rc6 44. Qh5 Bg5 45. Rxg5 Nf2+ 46. Kg2 Nd3 47. Qf3 Rc2+ 48. Kg3 Nf2 49. Qd5+ Kh7 50. Qb7+ Kg8 51. Kh4 Ng4 52. Qb8 Rc8 53. Qd6 Rc6 54. Qd5+ Kh7 55. h3 Nf6 56. Qd4 Qe2 57. Qa7+ Kh8 58. Qe3 Qxe3 59. Bxe3 Re6 60. Bd4 Re4+ 61. R5g4 fxg4 62. Bxf6+ Kh7 63. hxg4 1-0

[Event "Olympiad-30"]
[Site "Manila"]
[Date "1992.06.09"]
[Round "2.2"]
[White "Barle, Janez"]
[Black "Sisniega, Marcel"]
[Result "1-0"]
[WhiteElo "2430"]
[BlackElo "2525"]
[PlyCount "125"]
[EventDate "1992.06.08"]
[EventType "team-swiss"]
[EventRounds "14"]
[EventCountry "PHI"]
[SourceTitle "TD"]
[Source "ChessBase"]
[SourceDate "1994.03.01"]
[SourceVersion "1"]
[SourceVersionDate "1994.03.01"]
[SourceQuality "1"]
[WhiteTeam "Slovenia"]
[BlackTeam "Mexico"]
[WhiteTeamCountry "SLO"]
[BlackTeamCountry "MEX"]

1. Nf3 Nf6 2. c4 e6 3. Nc3 Bb4 4. g3 0-0 5. Bg2 d5 6. a3 Be7 7. d4 dxc4 8. 0-0 Nc6 9. e4 Na5 10. Qe2 Nb3 11. Rb1 Nxd4 12. Nxd4 Qxd4 13. Rd1 Qc5 14. Be3 Qa5 15. Bd2 Qa6 16. e5 Nd7 17. b4 c6 18. a4 Qb6 19. a5 Qc7 20. f4 b5 21. Nxb5 cxb5 22. Bxa8 c3 23. Bxc3 Qxc3 24. Qxb5 a6 25. Qa4 f6 26. Bg2 Qc7 27. Qb3 Kh8 28. Kh1 fxe5 29. Qxe6 Nf6 30. Qxe5 Qxe5 31. fxe5 Ng4 32. Rd4 Bg5 33. h3 Nxe5 34. Re1 Bf6 35. Rde4 Re8 36. g4 g5 37. Rd4 Kg7 38. Rd6 Re7 39. Rf1 Re6 40. Rxe6 Bxe6 41. Rd1 Bc4 42. Bf1 Bxf1 43. Rxf1 Nc6 44. Rb1 Bd8 45. b5 axb5 46. a6 Na7 47. Rd1 Bb6 48. Rd7+ Kf8 49. Rb7 Bc5 50. Kg2 Ke8 51. Kf3 Kd8 52. Ke4 h6 53. Kd5 Be3 54. Rh7 Kc8 55. Rxh6 Kc7 56. Re6 Bc1 57. Rf6 Be3 58. Rf3 Bf4 59. h4 Kb6 60. h5 Bc1 61. Rf6+ Ka5 62. h6 Bb2 63. Ke6 1-0

[Event "Capablanca Memorial-A"]
[Site "Matanzas"]
[Date "1992.??.??"]
[Round "11"]
[White "Diaz Diaz, Joaquin Carlos"]
[Black "Sisniega, Marcel"]
[Result "0-1"]
[WhiteElo "2455"]
[BlackElo "2525"]
[PlyCount "54"]
[EventDate "1992.05.??"]
[EventType "tourn"]
[EventRounds "13"]
[EventCountry "CUB"]
[EventCategory "8"]
[SourceTitle "CBM 029 Extra"]
[Source "ChessBase"]
[SourceDate "1992.09.01"]
[SourceVersion "1"]
[SourceVersionDate "1992.09.01"]
[SourceQuality "1"]

1. e4 e5 2. Nf3 Nc6 3. Bb5 a6 4. Ba4 Nf6 5. 0-0 Be7 6. Qe2 b5 7. Bb3 d6 8. c3 0-0 9. d4 Bg4 10. Rd1 exd4 11. cxd4 d5 12. e5 Ne4 13. Nc3 Nxc3 14. bxc3 Qd7 15. h3 Bf5 16. g4 Bg6 17. Bg5 f6 18. exf6 gxf6 19. Bh6 Rfe8 20. Nh4 Bf8 21. Qf3 Be4 22. Qxf6 Re6 23. Qg5+ Kh8 24. Bxf8 Rxf8 25. Re1 Qd6 26. Rac1 Ref6 27. Qe3 Rf3 0-1

[Event "Seville Expo92"]
[Site "Seville"]
[Date "1992.??.??"]
[Round "1"]
[White "Franco Ocampos, Zenon"]
[Black "Sisniega, Marcel"]
[Result "0-1"]
[WhiteElo "2520"]
[BlackElo "2525"]
[PlyCount "44"]
[EventDate "1992.11.??"]
[EventType "tourn"]
[EventRounds "9"]
[EventCountry "ESP"]
[EventCategory "10"]
[SourceTitle "TD"]
[Source "ChessBase"]
[SourceDate "1994.03.01"]
[SourceVersion "1"]
[SourceVersionDate "1994.03.01"]
[SourceQuality "1"]

1. Nf3 d5 2. c4 e6 3. e3 Nf6 4. b3 c5 5. Bb2 Nc6 6. cxd5 exd5 7. Bb5 Bd6 8. 0-0 0-0 9. d4 cxd4 10. exd4 Bg4 11. Be2 Re8 12. Nbd2 Qc7 13. h3 Bh5 14. Re1 Re7 15. Rc1 Bf4 16. Rc5 Rae8 17. g4 Bg6 18. Bf1 h5 19. Rxe7 Qxe7 20. g5 Ne4 21. Rxd5 Nxd2 22. Nxd2 Qe1 0-1

[Event "Linares NL"]
[Site "Linares"]
[Date "1992.??.??"]
[Round "?"]
[White "Sariego Figueredo, Wilfredo"]
[Black "Sisniega, Marcel"]
[Result "1-0"]
[WhiteElo "2435"]
[BlackElo "2500"]
[PlyCount "47"]
[EventDate "1992.09.??"]
[EventType "tourn"]
[EventRounds "15"]
[EventCountry "MEX"]
[EventCategory "8"]
[SourceTitle "CBM 033 Extra"]
[Source "ChessBase"]
[SourceDate "1993.05.01"]
[SourceVersion "1"]
[SourceVersionDate "1993.05.01"]
[SourceQuality "1"]

1. e4 d6 2. d4 Nf6 3. Nc3 g6 4. Be3 c6 5. Qd2 Ng4 6. Bg5 h6 7. Bh4 Bg7 8. f4 g5 9. fxg5 hxg5 10. Bxg5 Qb6 11. Nf3 Nd7 12. Bc4 Nf8 13. 0-0-0 Be6 14. d5 Bd7 15. h3 Ne5 16. Nxe5 Bxe5 17. dxc6 bxc6 18. Bb3 Ne6 19. Be3 c5 20. Rhf1 Rb8 21. Rf5 Nd4 22. Bxd4 cxd4 23. Nd5 Qc5 24. Qg5 1-0

[Event "Linares NL"]
[Site "Linares"]
[Date "1992.??.??"]
[Round "?"]
[White "Sisniega, Marcel"]
[Black "Espinosa Flores, Rafael Emilio"]
[Result "1/2-1/2"]
[WhiteElo "2500"]
[BlackElo "2430"]
[PlyCount "124"]
[EventDate "1992.09.??"]
[EventType "tourn"]
[EventRounds "15"]
[EventCountry "MEX"]
[EventCategory "8"]
[SourceTitle "CBM 033 Extra"]
[Source "ChessBase"]
[SourceDate "1993.05.01"]
[SourceVersion "1"]
[SourceVersionDate "1993.05.01"]
[SourceQuality "1"]

1. e4 c5 2. Nf3 Nc6 3. d4 cxd4 4. Nxd4 Nf6 5. Nc3 e5 6. Ndb5 d6 7. Bg5 a6 8. Na3 b5 9. Nd5 Qa5+ 10. Bd2 Qd8 11. c4 Nxe4 12. cxb5 Be6 13. Bc4 Ne7 14. Be3 Qa5+ 15. Ke2 Rc8 16. Nb6 d5 17. Nxc8 Nxc8 18. Bxd5 Bxa3 19. Bxe4 Qxb5+ 20. Bd3 Qxb2+ 21. Qd2 e4 22. Bxa6 Qe5 23. f4 exf3+ 24. gxf3 0-0 25. Rag1 f6 26. Qd4 Qa5 27. Bd3 Ne7 28. Qb6 Qxb6 29. Bxb6 Nd5 30. Bd4 Rd8 31. Be4 Nf4+ 32. Ke3 Nd5+ 33. Bxd5 Bxd5 34. Bxf6 Bc5+ 35. Kf4 Rd7 36. Rxg7+ Rxg7 37. Bxg7 Kxg7 38. a4 Bd6+ 39. Ke3 Bc5+ 40. Ke2 Kf6 41. Rc1 Bd6 42. a5 Bb7 43. Kf2 Ke5 44. Rc4 h6 45. Rh4 Bf8 46. Kg3 Ba6 47. Re4+ Kd5 48. Re8 Bb4 49. Kg2 Bb5 50. Rh8 Bxa5 51. Rxh6 Be8 52. f4 Bc3 53. Kg3 Bd7 54. Kf3 Bf5 55. Rb6 Bd4 56. Ra6 Bd3 57. Ra5+ Ke6 58. Kg4 Kf6 59. h4 Be2+ 60. Kg3 Bc3 61. Ra2 Be1+ 62. Kh3 Bc4 1/2-1/2

[Event "Seville op"]
[Site "Seville"]
[Date "1992.??.??"]
[Round "?"]
[White "Sisniega, Marcel"]
[Black "Matamoros Franco, Carlos S"]
[Result "1-0"]
[WhiteElo "2500"]
[BlackElo "2415"]
[PlyCount "47"]
[EventDate "1992.??.??"]
[EventType "swiss"]
[EventRounds "9"]
[EventCountry "ESP"]
[SourceTitle "EXT 2010"]
[Source "ChessBase"]
[SourceDate "2010.11.25"]
[SourceVersion "1"]
[SourceVersionDate "2010.11.25"]
[SourceQuality "1"]

1. e4 e6 2. d4 d5 3. Nd2 Nf6 4. e5 Nfd7 5. f4 c5 6. c3 Nc6 7. Ndf3 Qb6 8. g3 cxd4 9. cxd4 f6 10. Bh3 fxe5 11. fxe5 Bb4+ 12. Kf1 0-0 13. Kg2 Ndxe5 14. dxe5 Nxe5 15. Qe2 Nxf3 16. Nxf3 e5 17. Bxc8 Raxc8 18. Rd1 e4 19. Nd4 Rc4 20. Be3 Bc5 21. Qh5 Qxb2+ 22. Kh3 Rd8 23. Qe5 Qc3 24. Rac1 1-0

[Event "Seville Expo92"]
[Site "Seville"]
[Date "1992.??.??"]
[Round "2"]
[White "Sisniega, Marcel"]
[Black "Rivas Pastor, Manuel"]
[Result "1-0"]
[WhiteElo "2525"]
[BlackElo "2520"]
[PlyCount "71"]
[EventDate "1992.11.??"]
[EventType "tourn"]
[EventRounds "9"]
[EventCountry "ESP"]
[EventCategory "10"]
[SourceTitle "TD"]
[Source "ChessBase"]
[SourceDate "1994.03.01"]
[SourceVersion "1"]
[SourceVersionDate "1994.03.01"]
[SourceQuality "1"]

1. e4 d6 2. d4 Nf6 3. Nc3 c6 4. f4 Qa5 5. Bd3 e5 6. Nf3 Bg4 7. Be3 exf4 8. Bxf4 Qb6 9. Ne2 Nh5 10. Bc1 Bxf3 11. gxf3 g6 12. c3 Nd7 13. Ng3 Ndf6 14. Qe2 Bg7 15. Be3 0-0 16. 0-0-0 Rfe8 17. Kb1 a5 18. Qd2 Qc7 19. Bh6 b5 20. Bxg7 Nxg7 21. f4 b4 22. c4 Rad8 23. Rhf1 Qe7 24. f5 c5 25. Qg5 Ngh5 26. Nxh5 Nxh5 27. f6 Qe6 28. Rf5 cxd4 29. Rdf1 Kh8 30. e5 Rg8 31. Qh6 gxf5 32. Bxf5 Qxf5+ 33. Rxf5 d3 34. Rf1 d2 35. e6 Rg6 36. e7 1-0

[Event "Linares NL m"]
[Site "Linares"]
[Date "1992.??.??"]
[Round "?"]
[White "Sisniega, Marcel"]
[Black "Rodriguez Cespedes, Amador"]
[Result "1/2-1/2"]
[WhiteElo "2525"]
[BlackElo "2495"]
[PlyCount "86"]
[EventDate "1992.09.??"]
[EventType "match"]
[EventRounds "4"]
[EventCountry "MEX"]
[SourceTitle "EXT 1997"]
[Source "ChessBase"]
[SourceDate "1996.11.15"]
[SourceVersion "1"]
[SourceVersionDate "1996.11.15"]
[SourceQuality "1"]

1. e4 c5 2. Nf3 d6 3. d4 cxd4 4. Nxd4 Nf6 5. Nc3 a6 6. g3 e5 7. Nde2 Be7 8. a4 b6 9. Bg2 Bb7 10. h3 Nbd7 11. g4 Nc5 12. Ng3 g6 13. 0-0 h5 14. b4 Ne6 15. Nd5 hxg4 16. hxg4 Nxd5 17. exd5 Nf4 18. Bxf4 exf4 19. Qd4 Bf6 20. Rae1+ Kf8 21. Qxf4 Kg7 22. c4 Rh4 23. Bf3 Rc8 24. Kg2 Qc7 25. Rh1 Qxc4 26. Qxd6 Rd8 27. Qxb6 Bxd5 28. Rxh4 Bxf3+ 29. Kxf3 Bxh4 30. Ne4 Rd3+ 31. Re3 f5 32. gxf5 gxf5 33. Qb7+ Kh6 34. Kf4 fxe4 35. Rxe4 Qc1+ 36. Re3 Bg5+ 37. Kf5 Rxe3 38. Qxa6+ Kg7 39. fxe3 Bxe3 40. Qb7+ Kf8 41. Qd5 Qf1+ 42. Kg6 Qg1+ 43. Kf5 Qf2+ 1/2-1/2

[Event "Pan American-chT"]
[Site "Guarapuava"]
[Date "1991.10.??"]
[Round "3"]
[White "Panno, Oscar"]
[Black "Sisniega, Marcel"]
[Result "1/2-1/2"]
[WhiteElo "2440"]
[BlackElo "2530"]
[PlyCount "37"]
[EventDate "1991.??.??"]
[EventType "team"]
[EventRounds "7"]
[EventCountry "BRA"]
[SourceTitle "EXT 2000"]
[Source "ChessBase"]
[SourceDate "1999.11.16"]
[SourceVersion "1"]
[SourceVersionDate "1999.11.16"]
[SourceQuality "1"]

1. Nf3 Nf6 2. c4 e6 3. Nc3 Bb4 4. Qc2 c5 5. a3 Bxc3 6. Qxc3 0-0 7. e3 b6 8. Be2 Bb7 9. b4 d6 10. Bb2 Nbd7 11. 0-0 Qe7 12. Rfe1 Rfc8 13. Rac1 a5 14. Qb3 Bc6 15. d3 axb4 16. axb4 Ba4 17. Qc3 b5 18. bxc5 Nxc5 19. cxb5 1/2-1/2

[Event "Pan American-chT"]
[Site "Guarapuava"]
[Date "1991.10.??"]
[Round "2"]
[White "Sisniega, Marcel"]
[Black "Escofet Fernandez, Jaime"]
[Result "1-0"]
[WhiteElo "2530"]
[BlackElo "2205"]
[PlyCount "125"]
[EventDate "1991.??.??"]
[EventType "team"]
[EventRounds "7"]
[EventCountry "BRA"]
[SourceTitle "EXT 2000"]
[Source "ChessBase"]
[SourceDate "1999.11.16"]
[SourceVersion "1"]
[SourceVersionDate "1999.11.16"]
[SourceQuality "1"]

1. e4 c6 2. d4 d5 3. Nd2 dxe4 4. Nxe4 Bf5 5. Ng3 Bg6 6. h4 h6 7. Nf3 Nd7 8. h5 Bh7 9. Bd3 Bxd3 10. Qxd3 Ngf6 11. Bd2 e6 12. 0-0-0 Qc7 13. Qe2 0-0-0 14. Ne5 Nb6 15. Ba5 c5 16. c4 Kb8 17. Kb1 Bd6 18. Nd3 Qc6 19. Ne5 Qc7 20. Rc1 Bxe5 21. dxe5 Nfd7 22. Rhe1 Rhe8 23. b3 f6 24. Bc3 Nxe5 25. Bxe5 Qxe5 26. Qxe5+ fxe5 27. Rxe5 Nd7 28. Re2 Nf6 29. Rce1 Rd6 30. Kc1 Kc7 31. Re5 b6 32. Nf5 Rd7 33. Nh4 Ng4 34. R5e2 Nf6 35. Re5 Ng4 36. Rxe6 Rxe6 37. Rxe6 Nxf2 38. Ng6 Nd3+ 39. Kb1 Nb4 40. Re2 Nc6 41. Nf4 Rf7 42. g3 Nd4 43. Re3 Kd7 44. Kc1 Re7 45. Kd2 Rxe3 46. Kxe3 Nf5+ 47. Kf3 Kd6 48. g4 Ne7 49. Ke4 Nc6 50. Nd5 Ke6 51. Kf4 Nd4 52. Nc7+ Kf6 53. Nb5 Nc6 54. Nc3 Ke6 55. g5 hxg5+ 56. Kxg5 Kf7 57. Kf5 Ke7 58. Ne4 Nb4 59. Kg6 Kf8 60. Ng5 Nd3 61. Ne6+ Kg8 62. Nxg7 Ne5+ 63. Kf5 1-0

[Event "Pan American-chT"]
[Site "Guarapuava"]
[Date "1991.10.??"]
[Round "7"]
[White "Sisniega, Marcel"]
[Black "Sunye Neto, Jaime"]
[Result "1/2-1/2"]
[WhiteElo "2530"]
[BlackElo "2475"]
[PlyCount "117"]
[EventDate "1991.??.??"]
[EventType "team"]
[EventRounds "7"]
[EventCountry "BRA"]
[SourceTitle "EXT 2000"]
[Source "ChessBase"]
[SourceDate "1999.11.16"]
[SourceVersion "1"]
[SourceVersionDate "1999.11.16"]
[SourceQuality "1"]

1. d4 Nf6 2. Nf3 d5 3. c4 e6 4. Nc3 Bb4 5. cxd5 exd5 6. Bg5 h6 7. Bxf6 Qxf6 8. Qb3 c5 9. e3 0-0 10. a3 cxd4 11. axb4 dxc3 12. bxc3 Nd7 13. Be2 Nb6 14. Nd4 Be6 15. 0-0 Rfc8 16. Ra5 a6 17. Rc1 Nc4 18. Bxc4 dxc4 19. Qa2 Rab8 20. Ra1 Bd7 21. Qe2 Qg6 22. e4 Re8 23. f3 Rbc8 24. Rd1 Qf6 25. Rd5 Bc6 26. Rc5 Ba4 27. Rxc8 Rxc8 28. Rd2 Bd7 29. Nc2 Ba4 30. e5 Qg5 31. e6 Bxc2 32. Rxc2 Qe7 33. exf7+ Kxf7 34. Qd2 Kg8 35. Qd5+ Kh8 36. h3 b6 37. Qe4 Qxe4 38. fxe4 Re8 39. Re2 a5 40. bxa5 bxa5 41. Kf2 Rd8 42. e5 Kg8 43. Re4 Rd2+ 44. Kg1 a4 45. Rxc4 a3 46. Ra4 a2 47. Kh2 Kf7 48. Kg3 Ke6 49. Ra5 Rc2 50. Kf4 Rxg2 51. Ra6+ Kd5 52. e6 Re2 53. Kf3 Rc2 54. e7 Rxc3+ 55. Kf4 Rc8 56. Kf5 Re8 57. Rxa2 Rxe7 58. Rd2+ Kc4 59. h4 1/2-1/2

[Event "Sao Paulo Latin America Cup open"]
[Site "Sao Paulo"]
[Date "1991.??.??"]
[Round "6"]
[White "Camara, Helder"]
[Black "Sisniega, Marcel"]
[Result "1/2-1/2"]
[WhiteElo "2325"]
[BlackElo "2530"]
[PlyCount "170"]
[EventDate "1991.09.14"]
[EventType "swiss"]
[EventRounds "11"]
[EventCountry "BRA"]
[SourceTitle "EXT 1997"]
[Source "ChessBase"]
[SourceDate "1996.11.15"]
[SourceVersion "1"]
[SourceVersionDate "1996.11.15"]
[SourceQuality "1"]

1. d4 Nf6 2. Nf3 e6 3. e3 b6 4. Nbd2 Bb7 5. Bd3 c5 6. c3 Nc6 7. 0-0 Be7 8. a3 d6 9. e4 0-0 10. Re1 Nd7 11. Nf1 Bf6 12. Be3 e5 13. dxc5 dxc5 14. Qe2 Ne7 15. Ng3 Ng6 16. Ba6 Bc6 17. Bb5 Bxb5 18. Qxb5 a6 19. Qd3 Qc8 20. Rad1 Rd8 21. Nf5 c4 22. Qe2 Qc6 23. Rd5 Ne7 24. Nxe7+ Bxe7 25. Nxe5 Nxe5 26. Rxe5 Bf6 27. Rd5 Rxd5 28. exd5 Qxd5 29. Bxb6 h6 30. Rd1 Qb5 31. Bd4 Bxd4 32. cxd4 Rb8 33. d5 Qxb2 34. Qxc4 Qb3 35. Qc1 Rd8 36. d6 g6 37. h4 h5 38. Rd4 Qe6 39. Qd2 Rd7 40. g3 Kg7 41. Qb4 Qe5 42. Qd2 Kg8 43. Kg2 Kg7 44. Qd3 Qb5 45. Qe4 Qc5 46. Qd3 Qb5 47. Qf3 Qc5 48. Qf4 Qc6+ 49. Kh2 Qc5 50. a4 a5 51. Qd2 Kh7 52. Qd3 Kg7 53. Qd2 Kh7 54. Rd5 Qb4 55. Qxb4 axb4 56. Kg2 Kg7 57. Rd4 b3 58. Rb4 Rxd6 59. Rxb3 Ra6 60. Ra3 Ra5 61. Kf3 Kf6 62. Ke4 Ke6 63. Kd4 Kd6 64. Kc4 Kc6 65. Kb4 Rf5 66. f4 f6 67. Rc3+ Kb6 68. Rc8 Rd5 69. Rg8 Rd4+ 70. Kc3 Rxa4 71. Rxg6 Kc5 72. Kb2 Ra6 73. Rh6 Kd4 74. Rxh5 Ra8 75. Rf5 Rg8 76. Rxf6 Rxg3 77. h5 Rh3 78. h6 Ke4 79. Kc2 Kd4 80. Kb2 Ke4 81. Kc2 Kd4 82. Re6 Kd5 83. Re5+ Kd4 84. Re6 Kd5 85. Rf6 Kd4 1/2-1/2

[Event "Mexico City op"]
[Site "Mexico City"]
[Date "1991.??.??"]
[Round "7"]
[White "Rodriguez Cespedes, Amador"]
[Black "Sisniega, Marcel"]
[Result "1/2-1/2"]
[WhiteElo "2530"]
[BlackElo "2530"]
[PlyCount "69"]
[EventDate "1991.07.??"]
[EventType "swiss"]
[EventRounds "11"]
[EventCountry "MEX"]
[SourceTitle "TD"]
[Source "ChessBase"]
[SourceDate "1994.03.01"]
[SourceVersion "1"]
[SourceVersionDate "1994.03.01"]
[SourceQuality "1"]

1. e4 e5 2. Nf3 Nc6 3. Bb5 a6 4. Ba4 Nf6 5. 0-0 Be7 6. Re1 b5 7. Bb3 0-0 8. c3 d6 9. h3 Bb7 10. d4 Re8 11. Nbd2 Bf8 12. Bc2 g6 13. d5 Nb8 14. b3 c6 15. c4 a5 16. Nf1 Na6 17. cxb5 cxb5 18. Bd3 b4 19. Bb5 Re7 20. Bg5 Bg7 21. N3d2 Nc5 22. Ng3 Ba6 23. Bxa6 Rxa6 24. Qf3 Rc7 25. a3 Rb7 26. a4 h6 27. Be3 Nfd7 28. Rab1 h5 29. Nc4 Bf6 30. Nf1 Bg5 31. Nfd2 Kg7 32. Rf1 Qe7 33. Qg3 Bxe3 34. Qxe3 Ra8 35. g3 1/2-1/2

[Event "Sao Paulo Latin America Cup open"]
[Site "Sao Paulo"]
[Date "1991.??.??"]
[Round "7"]
[White "Sisniega, Marcel"]
[Black "Correa, Aron Antunes"]
[Result "1-0"]
[WhiteElo "2530"]
[BlackElo "2330"]
[PlyCount "113"]
[EventDate "1991.09.14"]
[EventType "swiss"]
[EventRounds "11"]
[EventCountry "BRA"]
[SourceTitle "EXT 1997"]
[Source "ChessBase"]
[SourceDate "1996.11.15"]
[SourceVersion "1"]
[SourceVersionDate "1996.11.15"]
[SourceQuality "1"]

1. e4 d5 2. exd5 Nf6 3. d4 Nxd5 4. Nf3 g6 5. h3 Bg7 6. c4 Nb6 7. Nc3 0-0 8. Be2 Nc6 9. Be3 e5 10. d5 Ne7 11. a4 Nf5 12. Bg5 f6 13. Bd2 Nd4 14. Nxd4 exd4 15. Nb5 d3 16. Bxd3 c6 17. Nc3 cxd5 18. cxd5 Nxd5 19. Bc4 Be6 20. Qb3 Re8 21. 0-0 Nc7 22. Nb5 Bxc4 23. Qxc4+ Ne6 24. Rfe1 Rc8 25. Qb3 Qxd2 26. Rxe6 Kh8 27. Rd1 Qxd1+ 28. Qxd1 Rxe6 29. Qd7 Re1+ 30. Kh2 Rf8 31. Nc7 Kg8 32. Ne6 Rf7 33. Qd5 Re5 34. Qc4 Re7 35. Ng5+ Kf8 36. Nxh7+ Ke8 37. Qg8+ Kd7 38. Nf8+ Bxf8 39. Qxf8 Rf5 40. Qb8 Kc6 41. Qxa7 Re2 42. b4 Kc7 43. Kg1 Re1+ 44. Kh2 Re2 45. f3 Rg5 46. Qg1 Rgxg2+ 47. Qxg2 Rxg2+ 48. Kxg2 Kc6 49. f4 Kd5 50. f5 g5 51. Kf3 Kc4 52. b5 Kb4 53. Ke4 Kxa4 54. Kd5 Kxb5 55. Ke6 Kc4 56. Kxf6 b5 57. Ke5 1-0

[Event "Latin Cup Final"]
[Site "Bogota"]
[Date "1991.??.??"]
[Round "8"]
[White "Sisniega, Marcel"]
[Black "Milos, Gilberto"]
[Result "1/2-1/2"]
[WhiteElo "2530"]
[BlackElo "2530"]
[PlyCount "77"]
[EventDate "1991.??.??"]
[EventType "tourn"]
[EventRounds "9"]
[EventCountry "COL"]
[EventCategory "9"]
[SourceTitle "EXT 1997"]
[Source "ChessBase"]
[SourceDate "1996.11.15"]
[SourceVersion "1"]
[SourceVersionDate "1996.11.15"]
[SourceQuality "1"]

1. e4 e5 2. Nf3 Nc6 3. Bb5 a6 4. Ba4 Nf6 5. 0-0 Nxe4 6. d4 b5 7. Bb3 d5 8. dxe5 Be6 9. Be3 Be7 10. Nbd2 Nc5 11. Bxc5 Bxc5 12. c3 0-0 13. Bc2 Re8 14. Nb3 Bf8 15. Re1 g6 16. Nfd4 Qd7 17. f4 Nxd4 18. Nxd4 Bg4 19. Qd2 c5 20. Nb3 Rad8 21. Qf2 Qc7 22. h3 Bc8 23. Rad1 Bb7 24. Nd2 d4 25. Ne4 Bxe4 26. Bxe4 d3 27. Qf3 c4 28. h4 f5 29. exf6 Qb6+ 30. Kh1 Qxf6 31. g3 Kh8 32. a3 Rd6 33. f5 gxf5 34. Bxf5 Rxe1+ 35. Rxe1 d2 36. Rd1 Qe5 37. Kg2 Rf6 38. g4 h5 39. Qe4 1/2-1/2